Sports Quiz

Random Sports Quiz
Score 0/31 Timer 06:00
0 Plays Today
Games Player % Correct
353Matthew Pavlich
97.5%
271Aaron Sandilands
95.1%
316*David Mundy
93.8%
163Peter Bell
92.6%
174*Nat Fyfe
90.1%
244Luke McPharlin
79%
171Hayden Ballantyne
79%
152*Michael Walters
72.8%
244Michael Johnson
71.6%
228Shaun McManus
66.7%
206*Stephen Hill
66.7%
139Justin Longmuir
53.1%
238Shane Parker
51.9%
202Antoni Grover
50.6%
208Paul Hasleby
49.4%
135Lachie Neale
46.9%
Games Player % Correct
134Matthew Carr
45.7%
131Jeff Farmer
45.7%
138Heath Black
43.2%
172Chris Mayne
37%
188Ryan Crowley
35.8%
177Garrick Ibbotson
34.6%
171Paul Duffield
34.6%
128Roger Hayden
34.6%
150Troy Cook
33.3%
135Dale Kickett
30.9%
129Byron Schammer
28.4%
156Nick Suban
22.2%
151James Walker
14.8%
128Jason Norrish
12.3%
138Matt de Boer
8.6%
Remove Ads.
Support Sporcle.
Get the best of Sporcle when you Go Orange. This ad-free experience offers more features, more stats, and more fun while also helping to support Sporcle. Thank you for becoming a member.

You're not logged in!

Compare scores with friends on all Sporcle quizzes.
OR
Log In

Sporcle TV

Today on Sporcle TV


Watch our educational content, quiz creation guides, and fun videos on Sporcle TV.

Show Comments

Extras

Top Quizzes Today


Score Distribution

Paid Content

Your Account Isn't Verified!

In order to create a playlist on Sporcle, you need to verify the email address you used during registration. Go to your Sporcle Settings to finish the process.

Report this User

Report this user for behavior that violates our Community Guidelines.

Details: